000 01090nam0a2200277 4500
001 RU\NLR\bibl\545504
005 20260405145213.0
021 _aRU
_b2004-37595
_91878
035 _a(NLR Aleph) 000537717
090 _a1393304
_c1393304
100 _a20040817d2004 |||y0rusy50 ca
101 0 _arus
102 _aRU
105 _aa |||||||||
200 1 _aМежрайонные миграции в транспортно-географических координатах
_fКозырев С.В.
_gРос. акад. наук, Ин-т соц.-полит. исслед.
210 _aМ.
_cБ.и.
_d2004
215 _a32, [1] с.
_cдиагр.
_d21
320 _aБиблиогр. в конце кн. (30 назв.)
606 0 _aНаселение
_xМиграция
_yРоссийская Федерация
_91700980
_3RU\NLR\auth\661055195
686 _aС73(2)-25
700 1 _4070
_8rus
_7ca
_aКозырев
_bС. В.
_cсоциолог
_3RU\NLR\AUTH\7760661
_943592
801 0 _aRU
_bNLR
_c20040817
_gPSBO
801 1 _aRU
_bNLR
_c20040817
942 _cBOOK
980 _aNB